000 00746nam a22002297a 4500
999 _c58754
_d58754
005 20221107170733.0
008 220714s2019en xxu||||| |||| 00| 0 eng d
020 _a9783030196998 X
020 _a9783030196974(eBook) X
041 _aeng
080 _a336.74 C-11
100 _aCao, Jin .
_914410
245 _aMONEY : theory and practice /
_c Jin Cao, Gerhard Illing .
264 _aMunich :
_bSPRINGER NATURE,
_c2019.
300 _a406 p.:
_c23cm.
440 _aSpringer Texts in Business and Economics
_914411
653 _aMONEY : theory and practice.
653 _aფული: თეორია და პრაქტიკა
653 _aეკონომიკა
700 _aIlling, Gerhard
_914412
942 _2udc
_cBK